00000000cas 2200000zi 4500
0019.955514
003CaOODSP
00520260604142114
006m     o  d f      
007cr cn ||||||||
008250918c20259999oncar p o    f0   a0eng|d
022 |a2819-6864
040 |aCaOODSP|beng|erda|cCaOODSP
043 |an-cn---
0861 |aBT1-76E-PDF
222 0|aAnnual report on the Government of Canada's trust and transparency strategy
24500|aAnnual report on the Government of Canada's trust and transparency strategy.
24634|aTrust and transparency annual report
264 1|aOttawa : |bTreasury Board of Canada Secretariat = Secrétariat du Conseil du trésor du Canada, |c[2025]-
310 |aAnnual
336 |atext|btxt|2rdacontent
337 |acomputer|bc|2rdamedia
338 |aonline resource|bcr|2rdacarrier
3621 |aBegan with: 2025.
500 |aIssued also in French under title: Rapport annuel sur la stratégie du gouvernement du Canada en matière de confiance et de transparence.
588 |aDescription based on: 2025.
588 |aLatest issue consulted: 2025.
650 0|aTransparency (Ethics) in government|zCanada|vPeriodicals.
650 0|aTrust|xGovernment policy|zCanada|vPeriodicals.
650 0|aStrategic planning|zCanada|vPeriodicals.
655 7|aPeriodicals|2lcgft
7101 |aCanada. |bTreasury Board, |eissuing body.
77508|tRapport annuel sur la stratégie du gouvernement du Canada en matière de confiance et de transparence.|w(CaOODSP)9.955515